Mindscapes : critical reading skills and strategies

Bibliographic Details
Main Author: Carter, Christine Evans
Format: Book
Language:English
Published: Boston : Cengage Learning , 2014
Edition:2nd ed.
Subjects:

MARC

LEADER 00000cam a2200000 7i4500
001 0000025821
005 20220328.0
008 04032015 xxua eng
020 |a 9781435462342 ,   |c RM 380.00 
040 |a INS 
090 0 0 |a PE1417   |b C37 2014 
100 1 |a Carter, Christine Evans 
245 1 0 |a Mindscapes :   |b critical reading skills and strategies   |c Christine Evans Carter 
250 |a 2nd ed. 
260 |a Boston :   |b Cengage Learning ,   |c 2014 
300 |a xxxvi, 636p. :   |b col.ill. ;   |c 23cm. 
500 |a Includes index 
650 0 |a College readers. 
650 0 |a English language   |x Rhetoric   |x Problems, exercises, etc. 
650 0 |a Report writing   |x Problems, exercises, etc. 
999 |a 1000002108   |b BOOK   |c Open Shelf   |e Default branch